| 000 | 01401nam a22003977a 4500 | ||
|---|---|---|---|
| 003 | CHAP | ||
| 005 | 20220817044214.0 | ||
| 008 | 080324d2006 nl abd r 00110 eng d | ||
| 010 | _a94616 | ||
| 011 | _a95588 | ||
| 020 | _a1402045034 | ||
| 035 | _a106215 | ||
| 040 | _cCHAP | ||
| 082 | 0 | 4 |
_a574.5 _bD35 |
| 100 | 1 |
_aDavenport, John _e; ed. _931150 |
|
| 245 | 1 | 4 |
_aThe ecology of transportation : _bmanaging mobility for the environment _c/ed. by John Davenport and Julia L. Davenport |
| 260 |
_aDordrecht, The Netherlands : _bSpringer, _c2006 |
||
| 300 |
_axvii, 392 p. : _bilus. ; gráfs. ; cuadros ; mapas |
||
| 490 | 0 |
_aEnvironmental pollution _v;10 |
|
| 590 |
_aBATCH-UPD _b10 _c20130110 _lUCH01 _h0623 |
||
| 590 |
_aBATCH-UPD _b10 _c20130110 _lUCH01 _h2339 |
||
| 590 |
_aBATCH-UPD _b10 _c20130410 _lUCH01 _h0306 |
||
| 590 |
_aBATCH-UPD _b10 _c20130914 _lUCH01 _h1136 |
||
| 590 |
_aCONVERSION _b10 _c20130109 _lUCH01 _h1352 |
||
| 650 | 1 | 4 |
_aEcología urbana. _935187 |
| 650 | 1 | 4 |
_aEcología. _935134 |
| 650 | 1 | 4 |
_aMedio ambiente _xContaminación. _974069 |
| 650 | 1 | 4 |
_aRecursos naturales _xConservación. |
| 650 | 1 | 4 |
_aTransportes. _9114645 |
| 700 | 1 |
_aDavenport, Julia L. _e; ed. _931151 |
|
| 830 | 0 | 0 |
_aEnvironmental pollution _v;10 _937182 |
| 901 | _aBK | ||
| 911 | _aen proceso | ||
| 942 | _cLIBRO | ||
| 949 |
_a574.5 D35 _bBC _cLIBRO _d33724002053157 _eLIBRO _gI.23643 _h109272 _i106215 _sb _t$1412.55 |
||
| 999 |
_c94616 _d94616 |
||